Score 0/22 Timer 02:00
4 Plays Today
Song Word % Correct
Wish You Were _____ Here
97.7%
Another Brick in the _____ Wall
95.4%
Speak _____ MeTo
93.3%
_____ and ThemUs
92.2%
Learning to _____ Fly
92.1%
_____ There be More LightLet
90.7%
Comfortably _____ Numb
90.6%
_____ the RunOn
85.1%
_____ DamageBrain
84.4%
Shine on You Crazy _____ Diamond
81.3%
_____ LustYoung
74.2%
Song Word % Correct
_____ SpacesEmpty
74%
The Great _____ in the SkyGig
71.1%
_____ and AroundRound
68.6%
Welcome to the _____ Machine
63.2%
_____ TalkingKeep
62.6%
_____ Heart MotherAtom
59.7%
_____ TropezSan
57.6%
Any _____ You LikeColour
52.7%
_____ on the WingPigs
51.2%
Not Now _____ John
42.2%
_____ OverdriveInterstellar
39.7%

Today's Daily Dose

You're not logged in!

Compare scores with friends on all Sporcle quizzes.
OR
Log In

Sporcle TV

Today on Sporcle TV


Watch our educational content, quiz creation guides, and fun videos on Sporcle TV.

Show Comments

Extras

Top Quizzes Today


Score Distribution

Paid Content

Your Account Isn't Verified!

In order to create a playlist on Sporcle, you need to verify the email address you used during registration. Go to your Sporcle Settings to finish the process.

Report this User

Report this user for behavior that violates our Community Guidelines.

Details: